| 000 | 00391nam a22001697a 4500 | ||
|---|---|---|---|
| 003 | CEME | ||
| 005 | 20210628202253.0 | ||
| 008 | 210308b xxu||||| |||| 00| 0 eng d | ||
| 020 | _a0-246-1157-7 | ||
| 040 | _c. | ||
| 082 | _a355.02 HEC'R | ||
| 100 |
_aHeckmann, Wolf _937823 |
||
| 245 | _aRommels war in africa | ||
| 260 |
_aLONDON _bGRANADA _c1981 |
||
| 300 | _a366P | ||
| 942 |
_cBK _2ddc |
||
| 999 |
_c569148 _d569148 |
||